000 00684nam a2200253Ia 4500
003 OSt
005 20221007095032.0
006 a|||||r|||| 00| 0
007 ta
008 221006b |||||||| |||| 00| 0 eng d
020 _a8175341145
024 _a701
037 _cReference Collections
040 _aLCO
_cLCO
_beng
041 _2eng
_aeng
082 _aZ0aR4, L5
100 _aBickel A.M.
_9700712
245 0 _aMorality of Consent
260 _aDelhi
_bUniversal Law Publishing Company India
_c1975
300 _a156
650 _aMORALITY OF CONSENT
_9700713
942 _hZ0aR4, L5
_cREF
999 _c1170264
_d1170264